Pascual Bravo : (Registro nro. 7244)

Detalles MARC
000 -LEADER
fixed length control field 01062nam a22002417a 4500
003 - CONTROL NUMBER IDENTIFIER
control field OSt
005 - DATE AND TIME OF LATEST TRANSACTION
control field 20210218152121.0
008 - FIXED-LENGTH DATA ELEMENTS--GENERAL INFORMATION
fixed length control field 210218s2014 ck a|||gr|||| 00| 0 spa d
020 ## - INTERNATIONAL STANDARD BOOK NUMBER
International Standard Book Number 9789589924990
040 ## - CATALOGING SOURCE
Original cataloging agency CO-JMCR
Transcribing agency CO-JMCR
041 0# - LANGUAGE CODE
Language code of text/sound track or separate title spa
082 04 - DEWEY DECIMAL CLASSIFICATION NUMBER
Edition number 23
Classification number 923.2 /
Item number B826p
100 1# - MAIN ENTRY--PERSONAL NAME
Personal name Bravo Betancur, José María,
Relator term autor
9 (RLIN) 13664
245 10 - TITLE STATEMENT
Title Pascual Bravo :
Remainder of title ciudadano mártir /
Statement of responsibility, etc. José María Bravo Betancur,
260 ## - PUBLICATION, DISTRIBUTION, ETC.
Place of publication, distribution, etc. Medellín :
Name of publisher, distributor, etc. Fondo Editorial Pascual Bravo,
Date of publication, distribution, etc. 2014
300 ## - PHYSICAL DESCRIPTION
Extent 404 páginas :
Other physical details ilustraciones, fotografía y escudo a color ;
Dimensions 23 cm.
490 0# - SERIES STATEMENT
Series statement Historia
504 ## - BIBLIOGRAPHY, ETC. NOTE
Bibliography, etc. note Bibliografía: página 397.
505 0# - FORMATTED CONTENTS NOTE
Formatted contents note Finales del siglo XVIII y alborada del XIX en Colombia -- Primeros años en la vida de Pascual Bravo -- Pascual Bravo en la política -- Sesiones de la Legislatura Constituyente -- El gobierno -- Convención de Rionegro -- El pensamiento de Pascual Bravo --
650 14 - SUBJECT ADDED ENTRY--TOPICAL TERM
Topical term or geographic name entry element Partidos políticos
Geographic subdivision Colombia
9 (RLIN) 13318
650 24 - SUBJECT ADDED ENTRY--TOPICAL TERM
Topical term or geographic name entry element Guerra civil
General subdivision Historia
Chronological subdivision 1838-1864
Geographic subdivision Colombia
9 (RLIN) 13665
942 ## - ADDED ENTRY ELEMENTS (KOHA)
Source of classification or shelving scheme Dewey Decimal Classification
Koha item type Books
Existencias
Withdrawn status Lost status Source of classification or shelving scheme Damaged status Not for loan Home library Current library Shelving location Date acquired Source of acquisition Total Checkouts Full call number Barcode Date last seen Copy number Price effective from Koha item type
    Dewey Decimal Classification     Biblioteca Pública José María del Castillo y Rada Biblioteca Pública José María del Castillo y Rada General Stacks 10/02/2020 Donación   923.2 / B826p 201810326 05/16/2024 Ej.1 10/02/2020 Books